Introduction to operations research

Guardat en:
Dades bibliogràfiques
Autors principals: Churchman, Charles West (Autor), Ackoff, Russell Lincoln (Autor), Arnoff, E. Leonard (Autor)
Format: Llibre
Idioma:anglès
Publicat: Nueva York McGraw-Hill 1957
Matèries:
Etiquetes: Afegir etiqueta
Sense etiquetes, Sigues el primer a etiquetar aquest registre!

MARC

LEADER 00000nam a2200000 a 4500
001 UCU7090
003 CL-VaPUC
008 960628e19570000US |||||||||||||||||eng|d
082 0 4 |a 658.403  |b CHU  |2 21 
100 0 |a Churchman, Charles West  |e author  |9 365614 
700 0 |a Ackoff, Russell Lincoln  |e author  |9 365615 
700 0 |a Arnoff, E. Leonard  |e author  |9 365616 
245 1 0 |a Introduction to operations research 
300 |a 645 p 
942 |c BK 
945 |d 19960628 00:00:00  |a cmena 
260 |a Nueva York  |b McGraw-Hill  |c 1957 
650 0 |a Investigación operativa  |9 259383 
650 0 |a Administración  |9 259325 
650 7 |a MODELOS DE INVENTARIO  |2 CL-VaPUC  |9 360787 
650 0 |a Programación lineal   |9 23 
650 7 |a MODELOS DE ASIGNACION  |2 CL-VaPUC  |9 360112 
583 |a last modification  |c 20190713 21:44:19  |k Rodrigo Vera 
999 |c 249794  |d 249792 
952 |0 0  |1 0  |4 0  |6 658_403000000000000_CHU_1957  |7 0  |8 A  |9 267310  |a BIBMAT  |b BIBMAT  |d 2019-11-19  |i 130867K  |o 658.403 CHU 1957  |p 130867K  |r 2025-01-07  |w 2019-11-19  |y BK  |k MAT